Paroles - Ta main - Grégoire - Statistiques

Statistiques générales
  • Ce quiz a été pris 163 fois
  • Le résultat moyen est 191 sur 257
Statistiques - réponses
Paroles % Correct
m'a
98%
ta
98%
à
96%
a
96%
main
96%
te
96%
aimé
94%
du
94%
un
94%
ne
93%
plus
93%
tenir
93%
Tu
93%
tu
93%
dur
91%
J'aurais
91%
peu
91%
que
91%
sa
91%
je
89%
Je
89%
longtemps
89%
instant
88%
qu'un
88%
sais
88%
dure
85%
mon
84%
de
83%
chagrin
81%
Et
81%
et
81%
ces
79%
le
79%
au
78%
c'est
77%
C'est
77%
Cest
77%
la
77%
mal
74%
j'ai
73%
les
73%
moins
73%
C'est
70%
j'espère
70%
m'entends
69%
se
69%
toi
69%
ça
68%
qui
68%
dans
65%
encore
64%
qu'à
64%
comme
63%
parler
63%
pas
62%
Il
60%
Y
60%
quand
59%
coeur
57%
normal
57%
si
57%
photos
56%
On
54%
on
54%
parait
53%
serre
53%
m'attends
52%
cette
51%
même
51%
Même
51%
qu'il
51%
règles
51%
crois
49%
ton
49%
trop
49%
voix
48%
tête
47%
fait
44%
peut
44%
jeux-là
43%
l'absence
43%
silence
43%
histoire
42%
n'en
42%
car
41%
chacun
41%
croise
41%
dit
41%
perd
41%
combattre
40%
conne
40%
personne
40%
comprendre
38%
pense
38%
propre
38%
attendre
36%
briser
35%
dérisoire
35%
dire
35%
fallait
35%
fêtes
35%
ses
35%
cris
33%
devienne
33%
peine
33%
vie
32%
frére
26%
ami
25%
voulais
25%
d'avoir
23%
fier
22%
été
21%
j'étais
21%
jour
21%
détours
17%
Aucun quiz correspondant
Distribution des résultats
% des personnes avec chaque résultat
Percentile par nombre de réponses
Votre historique - résultats
Vous n’avez pas pris ce quiz